1924 1676 1025 1840 1351 1962 1040 1219 1861 1659 1540 1190 1562 1440 1990 1766 1515 1956 1186 1816 1198 1477 1068 1368 1892 1624 1834 1759 1817 1344 1159 1718 1551 1215 1468 1274 1808 1905 1449 1804 1299 1772 1242 1529 1730 1864 1983 1564 1255 1270 1810 1389 1296 1493 1567 1085 1725 2000 1387 1025 1401 1006 1471 1917 1349 1449 1732 1777 1132 1773 1568 1566 1715 1260 1095 1218 1175 1880 1795 1372 1984 1303 1660 1743 1351 1492 1373 1212 1625 1189 1759 1217 1633 1580 1894 1572 1774 1592 1956 BCNSPRNW ULIB Ver.6.0+V

เปลี่ยนเป็นภาษาไทย

Change to English
 แสดงรายละเอียดบรรณานุกรม
  กลับหน้าหลัก

Brief Record : Get Marc (ISO 2709) : E-mail record : QR code < ปิดหน้าต่าง
LEADER : 00000nam 2200000uu 4500
001    13399127026
003     ULIB
008    020711s2560 th a 000 0 tha d
020    ^a9786163920218
060    ^aWS103^bก344ห
110 1  ^aกองบรรณาธิการสำนักพิมพ์โลกหนังสือ
245    ^aหมาป่ากับลูกแกะ (THE WOLF AND THE LAMB) นิทาน นอีสป (สองภาษา ไทย-อังกฤษ)
250    ^aพิมพ์ครั้งที่ 1
260    ^aกรุงเทพฯ :^bบริษัทสำนักพิมพ์โลกหนังสือ จำกัด,^c2560
300    ^a12 หน้า;^b21 ซม.
650    ^aเด็ก^xการเรียนการสอน
945    ^p35^l0^i006214
999    ^aประนอม เกษจรัล
รายการนี้ยังไม่มีแท็ก
คุณยังไม่ได้ล็อกอิน คุณสามารถมีกิจกรรมร่วมกับเว็บไซต์ได้ แต่ต้องล็อกอินก่อน ::
  ล็อกอิน

รายการสื่อสารสนเทศ

ลำดับที่ ประเภท เลขเรียก/บาร์โค้ด สถานที่ สถานะ
1. วิทยาศาสตร์การแพทย์ และสุขภาพ
วิทยาศาสตร์การแพทย์ และสุขภาพ
WS103 ก344ห ฉ.1 
  Barcode: 006214
ห้องสมุดวิทยาเขตสวรรค์ประชารักษ์
►หนังสือทั่วไป
ถูกยืม กำหนดส่งวันที่ 24 เมษายน 2568
  จอง

BibComment


ยังไม่เคยถูกคอมเมนท์

คอมเมนท์ทรัพยากรรายการนี้
  คอมเมนท์: หมาป่ากับลูกแกะ ..


 Copyright 2026. Bcnsprnw @Library